|
|
|
|
| LEADER |
05446nam a2200541 i 4500 |
| 001 |
43077 |
| 003 |
BD-DhAAL |
| 008 |
240911t2022 bg a b 101 0 eng d |
| 010 |
|
|
|a 2023335878
|
| 020 |
|
|
|a 9789845063890
|
| 025 |
|
|
|a B-E-2023335878; 22-92
|
| 037 |
|
|
|b Library of Congress -- New Delhi Overseas Office
|
| 040 |
|
|
|a DLC
|b eng
|e rda
|c DLC
|d DLC
|d BD-DhAAL
|
| 042 |
|
|
|a lcode
|a pcc
|
| 043 |
|
|
|a a-bg---
|
| 050 |
0 |
0 |
|a HQ799.B33
|b P47 2019
|
| 082 |
|
|
|a 305.23095492
|2 23
|
| 111 |
2 |
|
|a "Perceiving Contemporary Young Generation in Bangladesh: their Life Strategies and Identity Politics under Globalization" (Conference)
|d (2019 :
|c Dhaka, Bangladesh),
|j author.
|9 56831
|
| 245 |
1 |
0 |
|a Millennial generation in Bangladesh :
|b their life strategies, movement, and identity politics /
|c edited by Kazuyo Minamide.
|
| 246 |
|
|
|a Millennial generation in Bangladesh
|
| 264 |
|
1 |
|a Dhaka :
|b University Press Limited,
|c 2022.
|
| 300 |
|
|
|a xvi, 222 pages :
|b illustraions (black and white) ;
|c 23 cm.
|
| 504 |
|
|
|a Includes bibliographical references and index.
|
| 520 |
|
|
|a Papers presented at the International symposium "Perceiving Contemporary Young Generation in Bangladesh: their Life Strategies and Identity Politics under Globalization" in February 2019 at Department of Anthropology of Jahangirnagar University in Dhaka; funded and organized by Japan Society for the Promotion Science (JSPS).
|
| 526 |
|
|
|a ESS
|x Dr. Moiyen Zalal Chowdhury,
Assistant Professor,
Economics and Social Sciences
Course name: Anthropology of Social Media (ANT211)
|
| 541 |
|
|
|a Book Finder International
|e 43077, 43078, 43079, 43080, 43081, 43082, 43083, 43084, 43085, 43086
|
| 650 |
|
0 |
|a Youth
|z Bangladesh
|x Congresses.
|9 56832
|
| 650 |
|
0 |
|a Youth
|z Bangladesh
|x Social conditions
|x Congresses.
|9 56839
|
| 650 |
|
0 |
|a Politics and culture
|z Bangladesh
|v Congresses.
|9 56833
|
| 650 |
|
0 |
|a Popular culture
|z Bangladesh
|v Congresses.
|9 56834
|
| 650 |
|
0 |
|a Ethnicity
|z Bangladesh
|v Congresses.
|9 56835
|
| 650 |
|
0 |
|a Identity politics
|z Bangladesh
|v Congresses.
|9 56836
|
| 650 |
|
0 |
|a Social sciences.
|
| 700 |
1 |
|
|a Minamide, Kazuyo,
|d 1975-
|e editor.
|9 56837
|
| 710 |
2 |
|
|a Nihon Gakujutsu Shinkōkai,
|e sponsor,
|e organizer.
|9 56838
|
| 852 |
|
|
|a Ayesha Abed Library
|c General Stacks
|
| 942 |
|
|
|2 ddc
|c BK
|
| 999 |
|
|
|c 46638
|d 46638
|
| 952 |
|
|
|0 0
|1 0
|2 ddc
|4 0
|6 305_230954920000000_MIL
|7 0
|9 76184
|a BRACUL
|b BRACUL
|c GEN
|d 2024-09-10
|e Book Finder International
|g 535.00
|l 0
|o 305.23095492 MIL
|p 3010043077
|r 2024-09-10
|t 1
|v 535.00
|w 2024-09-10
|y BK
|x Requisitioned by Dr. Moiyen Zalal Chowdhury for the course named- "Anthropology of Social Media (ANT211)".
|
| 952 |
|
|
|0 0
|1 0
|2 ddc
|4 0
|6 305_230954920000000_MIL
|7 0
|9 76185
|a BRACUL
|b BRACUL
|c GEN
|d 2024-09-10
|e Book Finder International
|g 535.00
|l 0
|o 305.23095492 MIL
|p 3010043078
|r 2024-09-10
|t 2
|v 535.00
|w 2024-09-10
|y BK
|x Requisitioned by Dr. Moiyen Zalal Chowdhury for the course named- "Anthropology of Social Media (ANT211)".
|
| 952 |
|
|
|0 0
|1 0
|2 ddc
|4 0
|6 305_230954920000000_MIL
|7 0
|9 76186
|a BRACUL
|b BRACUL
|c GEN
|d 2024-09-10
|e Book Finder International
|g 535.00
|l 0
|o 305.23095492 MIL
|p 3010043079
|r 2024-09-10
|t 3
|v 535.00
|w 2024-09-10
|y BK
|x Requisitioned by Dr. Moiyen Zalal Chowdhury for the course named- "Anthropology of Social Media (ANT211)".
|
| 952 |
|
|
|0 0
|1 0
|2 ddc
|4 0
|6 305_230954920000000_MIL
|7 0
|9 76187
|a BRACUL
|b BRACUL
|c GEN
|d 2024-09-10
|e Book Finder International
|g 535.00
|l 0
|o 305.23095492 MIL
|p 3010043080
|r 2024-09-10
|t 4
|v 535.00
|w 2024-09-10
|y BK
|x Requisitioned by Dr. Moiyen Zalal Chowdhury for the course named- "Anthropology of Social Media (ANT211)".
|
| 952 |
|
|
|0 0
|1 0
|2 ddc
|4 0
|6 305_230954920000000_MIL
|7 0
|9 76188
|a BRACUL
|b BRACUL
|c GEN
|d 2024-09-10
|e Book Finder International
|g 535.00
|l 0
|o 305.23095492 MIL
|p 3010043081
|r 2024-09-10
|t 5
|v 535.00
|w 2024-09-10
|y BK
|x Requisitioned by Dr. Moiyen Zalal Chowdhury for the course named- "Anthropology of Social Media (ANT211)".
|
| 952 |
|
|
|0 0
|1 0
|2 ddc
|4 0
|6 305_230954920000000_MIL
|7 0
|9 76189
|a BRACUL
|b BRACUL
|c GEN
|d 2024-09-10
|e Book Finder International
|g 535.00
|l 0
|o 305.23095492 MIL
|p 3010043082
|r 2024-09-10
|t 6
|v 535.00
|w 2024-09-10
|y BK
|x Requisitioned by Dr. Moiyen Zalal Chowdhury for the course named- "Anthropology of Social Media (ANT211)".
|
| 952 |
|
|
|0 0
|1 0
|2 ddc
|4 0
|6 305_230954920000000_MIL
|7 0
|9 76190
|a BRACUL
|b BRACUL
|c GEN
|d 2024-09-10
|e Book Finder International
|g 535.00
|l 1
|m 4
|o 305.23095492 MIL
|p 3010043083
|r 2025-12-22
|s 2025-11-02
|t 7
|v 535.00
|w 2024-09-10
|y BK
|x Requisitioned by Dr. Moiyen Zalal Chowdhury for the course named- "Anthropology of Social Media (ANT211)".
|
| 952 |
|
|
|0 0
|1 0
|2 ddc
|4 0
|6 305_230954920000000_MIL
|7 0
|9 76191
|a BRACUL
|b BRACUL
|c GEN
|d 2024-09-10
|e Book Finder International
|g 535.00
|l 0
|o 305.23095492 MIL
|p 3010043084
|r 2024-09-10
|t 8
|v 535.00
|w 2024-09-10
|y BK
|x Requisitioned by Dr. Moiyen Zalal Chowdhury for the course named- "Anthropology of Social Media (ANT211)".
|
| 952 |
|
|
|0 0
|1 0
|2 ddc
|4 0
|6 305_230954920000000_MIL
|7 0
|9 76192
|a BRACUL
|b BRACUL
|c GEN
|d 2024-09-10
|e Book Finder International
|g 535.00
|l 0
|o 305.23095492 MIL
|p 3010043085
|r 2024-09-10
|t 9
|v 535.00
|w 2024-09-10
|y BK
|x Requisitioned by Dr. Moiyen Zalal Chowdhury for the course named- "Anthropology of Social Media (ANT211)".
|
| 952 |
|
|
|0 0
|1 0
|2 ddc
|4 0
|6 305_230954920000000_MIL
|7 0
|9 76193
|a BRACUL
|b BRACUL
|c GEN
|d 2024-09-10
|e Book Finder International
|g 535.00
|l 1
|m 11
|o 305.23095492 MIL
|p 3010043086
|r 2026-02-26
|s 2025-12-03
|t 10
|v 535.00
|w 2024-09-10
|y BK
|x Requisitioned by Dr. Moiyen Zalal Chowdhury for the course named- "Anthropology of Social Media (ANT211)" ;
|